Statystyki dla Najpopularniejsi Streamerzy na Twitchu

Kliknij tutaj aby rozwiązać quiz!

Ogólne statystyki

  • Ten quiz został rozwiązany 508 razy
  • Średni wynik to 6 z 15

Statystyki odpowiedzi

FollowedStreamer% Poprawnych
611 tysXayoo
86%
569 tysEWRON
83%
1,476 mlnIzakOOO
83%
437 tysPAGO
50%
311 tysMandzio
47%
286 tysArquel
37%
510 tysNervarien
36%
257 tysOverpow
28%
269 tysKubon
26%
379 tysIsamu
23%
291 tysZONY
21%
262 tysLeh
16%
372 tysekipa
11%
233 tysRockAlone
11%
310 tysesl_csgo_pl
3%

Rozkład punktacji

Percentyl według liczby udzielonych odpowiedzi

Procent ludzi z każdym wynikiem

Twoja historia wyników

Nie rozwiązałeś tego quizu